[Event "ITT 56 Aniversario"]
[Site "Villa Martelli, ARG"]
[Date "2010.08.10"]
[Round "7"]
[White "Espinoza Palomino, Willyam"]
[Black "Della Morte, German"]
[Result "1/2-1/2"]
[WhiteElo "2292"]
[BlackElo "2351"]

1. e4 c5 2. Nf3 e6 3. d4 cxd4 4. Nxd4 Nc6 5. Nc3 Qc7 6. Be2 a6 7. Be3 Nf6 8.
O-O Be7 9. f4 d6 10. Qe1 O-O 11. Qg3 Nxd4 12. Bxd4 b5 13. a3 Re8 14. Kh1 Bb7
15. e5 dxe5 16. fxe5 Nd7 17. b4 Rad8 18. Bd3 g6 19. Ne4 Bxe4 20. Bxe4 Bf8 21.
c3 Bg7 22. Rae1 Nb6 23. Bd3 Nc4 24. Bxc4 Qxc4 25. Qf3 Rd7 26. Qe2 Qc6 27.
Qf3 Qc7 28. Qe2 Rd5 29. a4 bxa4 30. Qxa6 Bxe5 31. Bxe5 Rxe5 32. Rxe5 Qxe5 33.
c4 Qe2 34. Kg1 Qe3+ 35. Kh1 Qd3 36. Kg1 Qd4+ 37. Kh1 Rb8 38. Qxa4 Qxc4 39. Rb1
Rb5 40. h3 e5 41. Re1 Qd5 42. Qa1 Kg7 43. Qa3 Qd4 44. Rb1 e4 45. Qa4 Qe5 46.
Re1 f5 47. Qa7+ Kh6 48. Qe3+ g5 49. h4 Qf4 50. hxg5+ Kxg5 51. Qc3 Qh4+ 52.
Kg1 Qh6 53. Qd2+ Kg6 54. Qd6+ Kh5 55. Qh2+ Kg5 56. Qg3+ Kh5 57. Qh2+ Kg5 58.
Qg3+ Kh5 1/2-1/2

[Event "ITT 56 Aniversario"]
[Site "Villa Martelli, ARG"]
[Date "2010.08.11"]
[Round "8"]
[White "Menna Barreto, Felipe Kubiaki"]
[Black "Fabian, Gaston"]
[Result "0-1"]
[WhiteElo "2154"]
[BlackElo "2260"]

1. d4 Nf6 2. Nf3 d5 3. c4 c6 4. Nc3 e6 5. Bg5 h6 6. Bxf6 Qxf6 7. e4 dxe4 8.
Nxe4 Bb4+ 9. Ned2 c5 10. a3 Bxd2+ 11. Qxd2 O-O 12. O-O-O Rd8 13. Qe3 Nc6 14.
d5 Na5 15. d6 Bd7 16. Bd3 Ba4 17. Qe4 g6 18. Bc2 Bc6 19. Qe5 Kg7 20. Qxf6+
Kxf6 21. Nd2 b6 22. b4 Nb7 23. Ne4+ Kg7 24. Rhe1 Rab8 25. Rd2 f5 26. Nc3 Kf6 27.
Rde2 Rxd6 28. f4 Be8 29. g4 Rc8 30. Bb3 a6 31. h4 Bf7 32. g5+ hxg5 33. hxg5+
Kg7 34. Rh1 Rcd8 35. Reh2 Bg8 36. Nb1 cxb4 37. axb4 a5 38. c5 bxc5 39. Nd2
cxb4 40. Nc4 Rd3 41. Ne5 Rxb3 42. Rh6 Rc8+ 43. Kd2 Rb2+ 44. Ke3 Rc3+ 45. Kd4
Rd2+ 0-1

[Event "ITT 56 Aniversario"]
[Site "Villa Martelli, ARG"]
[Date "2010.08.11"]
[Round "8"]
[White "Ibar, Marcelo"]
[Black "Liascovich, Lucas Agustin"]
[Result "1-0"]
[WhiteElo "2210"]
[BlackElo "2427"]

1. Nf3 g6 2. g3 Bg7 3. Bg2 e5 4. d3 d5 5. O-O Ne7 6. c4 c6 7. Nbd2 O-O 8. Rb1
a5 9. b3 h6 10. cxd5 cxd5 11. Bb2 Nbc6 12. a3 f5 13. b4 e4 14. Ne1 Ne5 15.
dxe4 dxe4 16. Nc2 Be6 17. f3 e3 18. Nd4 exd2 19. Nxe6 Qb6+ 20. Nc5 axb4 21.
Qb3+ Kh7 22. axb4 f4 23. Rfd1 Rad8 24. Kh1 fxg3 25. Ne6 Rf5 26. Nxg7 Kxg7 27.
f4 gxh2 28. Bxe5+ Kh7 29. e4 Rff8 30. Kxh2 Nc6 31. Qc3 Qf2 32. Qg3 Qe2 33. f5
Rg8 34. Bc3 Rd7 35. f6 Rgd8 36. b5 Na7 37. Qe5 Nc8 38. f7 Rxf7 39. Rxd2 Qg4
40. Rxd8 Qh4+ 41. Bh3 Qxd8 42. Rf1 Re7 43. Be6 Qe8 44. Rf7+ Rxf7 45. Bxf7 Qf8
46. Qf6 Qd6+ 47. Qxd6 Nxd6 48. Bd5 Nxb5 49. Ba5 g5 50. Bxb7 Kg6 51. Kg3 h5
52. Bc6 Nd4 53. Bd7 g4 54. Be8+ Kh6 55. Bd2+ Kh7 56. Bxh5 1-0

[Event "ITT 56 Aniversario"]
[Site "Villa Martelli, ARG"]
[Date "2010.08.11"]
[Round "8"]
[White "Tristan, Leonardo"]
[Black "Espinoza Palomino, Willyam"]
[Result "0-1"]
[WhiteElo "2393"]
[BlackElo "2292"]

1. e4 e5 2. Nf3 Nc6 3. Bb5 a6 4. Ba4 Nf6 5. d3 b5 6. Bb3 Be7 7. O-O d6 8. a4
Bb7 9. Nc3 b4 10. Nd5 Na5 11. Nxf6+ Bxf6 12. Ba2 c5 13. Bd2 O-O 14. Re1 Re8
15. Qc1 d5 16. exd5 Bxd5 17. Bxd5 Qxd5 18. Re4 Rac8 19. Qe1 Nc6 20. Qe2 Bd8
21. g4 f6 22. Re1 b3 23. c4 Qd6 24. Bc3 Bc7 25. Nh4 Red8 26. Rd1 Ba5 27. Bxa5
Nxa5 28. f4 Nc6 29. f5 Re8 30. Qg2 Nd4 31. Kh1 Rf8 32. Qg3 Qc6 33. a5 Rcd8 34.
h3 Ne2 35. Qf3 Qxe4 36. dxe4 Rxd1+ 37. Kh2 Rd2 38. Qe3 Rxb2 39. Qxc5 Nc3+
40. Ng2 Rc2 41. Qb6 b2 42. Qe6+ Kh8 43. Qe7 Rb8 44. g5 b1=Q 45. gxf6 Rxg2+ 46.
Kxg2 Qxe4+ 0-1

[Event "ITT 56 Aniversario"]
[Site "Villa Martelli, ARG"]
[Date "2010.08.11"]
[Round "8"]
[White "Della Morte, German"]
[Black "Zuriel, Marisa"]
[Result "1-0"]
[WhiteElo "2351"]
[BlackElo "2205"]

1. e4 c5 2. Nc3 a6 3. f4 b5 4. g3 Bb7 5. Bg2 e6 6. d3 d5 7. Qe2 d4 8. Nd1 Nd7
9. Nf3 Ne7 10. O-O Qb6 11. a4 Nc6 12. f5 e5 13. f6 g6 14. axb5 axb5 15.
Rxa8+ Bxa8 16. Nh4 Nd8 17. Qf3 Bb7 18. Bh3 Ne6 19. Nf2 c4 20. Bd2 Ba6 21. Ra1 Qc6
22. Bxe6 Qxe6 23. Nf5 Nxf6 24. Bg5 Nd7 25. Ng4 Bb7 26. Nfh6 Bxh6 27. Bxh6 f5
28. exf5 Qb6 29. Qf1 Qc6 30. f6 Kf7 31. Nf2 Qf3 32. Ra7 Rd8 33. Rxb7 Qxb7
34. Ne4 Nf8 35. Qf3 Qa7 36. Ng5+ Ke8 37. Bxf8 Qa1+ 38. Qf1 Qxf1+ 39. Kxf1 e4
40. Bc5 exd3 41. cxd3 c3 42. bxc3 dxc3 43. f7+ 1-0

[Event "ITT 56 Aniversario"]
[Site "Villa Martelli, ARG"]
[Date "2010.08.11"]
[Round "8"]
[White "Guerrero, Alvaro"]
[Black "Szmetan, Ricardo"]
[Result "1-0"]
[WhiteElo "2267"]
[BlackElo "2255"]

1. d4 c5 2. d5 d6 3. c4 Nf6 4. Nc3 g6 5. e4 Bg7 6. Bd3 O-O 7. Nge2 e6 8. O-O
exd5 9. cxd5 Re8 10. f3 Na6 11. Be3 Nc7 12. Qd2 a6 13. a4 Rb8 14. Rab1 b5 15.
axb5 axb5 16. b4 c4 17. Bc2 Bd7 18. Bd4 Ra8 19. Ra1 Qe7 20. Ng3 Rxa1 21.
Rxa1 Ra8 22. Rxa8+ Nxa8 23. Qd1 Nc7 24. Qa1 Nfe8 25. Bxg7 Nxg7 26. Qa5 {
Planilla Ilegible} 1-0

[Event "ITT 56 Aniversario"]
[Site "Villa Martelli, ARG"]
[Date "2010.08.12"]
[Round "9"]
[White "Fabian, Gaston"]
[Black "Della Morte, German"]
[Result "1/2-1/2"]
[WhiteElo "2260"]
[BlackElo "2351"]

1. d4 d5 2. c4 c6 3. Nf3 Nf6 4. Nc3 dxc4 5. a4 Bf5 6. Ne5 Nbd7 7. Nxc4 Nb6 8.
Ne5 a5 9. f3 Nfd7 10. e4 Nxe5 11. dxe5 Qxd1+ 12. Kxd1 Be6 13. Kc2 f6 14. Rb1
Nd7 15. b4 Nxe5 16. bxa5 Bc8 17. a6 bxa6 18. a5 Nd7 19. Na4 e5 20. Bc4 Bd6
21. Rd1 Ke7 22. Rxd6 Kxd6 23. Ba3+ c5 24. Nxc5 Nxc5 25. Rd1+ Kc7 26. Bxc5 Bd7
27. Bb6+ Kc8 28. Kb2 Bc6 29. Rd6 Bd7 30. Rd2 Bc6 31. Rd6 Bd7 32. Rd2 Bc6 33.
Rd6 1/2-1/2

[Event "ITT 56 Aniversario"]
[Site "Villa Martelli, ARG"]
[Date "2010.08.12"]
[Round "9"]
[White "Szmetan, Ricardo"]
[Black "Menna Barreto, Felipe Kubiaki"]
[Result "1/2-1/2"]
[WhiteElo "2255"]
[BlackElo "2154"]

1. d4 Nf6 2. c4 g6 3. Nc3 Bg7 4. e4 d6 5. h3 O-O 6. Nf3 c5 7. d5 e6 8. Bd3
exd5 9. exd5 Re8+ 10. Be3 Bh6 11. O-O Bxe3 12. fxe3 Kg7 13. Qd2 Nbd7 14. e4 a6
15. Rf2 Ng8 16. Raf1 f6 17. g4 Ne5 18. Nxe5 Rxe5 19. Rg2 1/2-1/2

[Event "ITT 56 Aniversario"]
[Site "Villa Martelli, ARG"]
[Date "2010.08.12"]
[Round "9"]
[White "Espinoza Palomino, Willyam"]
[Black "Ibar, Marcelo"]
[Result "0-1"]
[WhiteElo "2292"]
[BlackElo "2210"]

1. e4 e5 2. Nf3 Nc6 3. Bb5 a6 4. Ba4 Nf6 5. O-O Nxe4 6. d4 b5 7. Bb3 d5 8.
dxe5 Be6 9. c3 Bc5 10. Nbd2 O-O 11. Bc2 Nxf2 12. Rxf2 f6 13. exf6 Bxf2+ 14.
Kxf2 Qxf6 15. Nf1 Ne5 16. Be3 Rae8 17. Bd4 Bg4 18. Bxe5 Rxe5 19. N1d2 Qb6+ 20.
Kf1 Rh5 21. h3 Rxh3 22. gxh3 Bxh3+ 23. Ke2 Re8+ 24. Ne4 dxe4 25. Bb3+ Kh8 26.
Ne5 h6 27. Bf7 Qf6 28. Bxe8 Qxe5 29. Qd8 Qh2+ 30. Kd1 Qg1+ 31. Kc2 Qf2+ 32.
Qd2 e3 33. Qxf2 exf2 34. Bc6 f1=Q 35. Rxf1 Bxf1 36. b4 h5 37. Kd2 h4 38. Ke3
g5 39. Kf3 Kg7 40. Bb7 Bc4 41. Bxa6 Bxa2 42. Bxb5 Bd5+ 43. Kg4 Kf6 44. Bf1
Be6+ 45. Kf3 Ke5 46. Ke3 g4 47. c4 h3 48. c5 Bd5 0-1

[Event "ITT 56 Aniversario"]
[Site "Villa Martelli, ARG"]
[Date "2010.08.12"]
[Round "9"]
[White "Liascovich, Lucas Agustin"]
[Black "Guerrero, Alvaro"]
[Result "1-0"]
[WhiteElo "2427"]
[BlackElo "2267"]

1. c4 d6 2. e4 g6 3. d4 Bg7 4. Nc3 Nf6 5. f4 O-O 6. Nf3 c5 7. d5 e6 8. dxe6
fxe6 9. Bd3 Nc6 10. O-O Nh5 11. Ng5 Bd4+ 12. Kh1 Ng7 13. Bd2 Bf6 14. a3 Bd7
15. Qg4 Nd4 16. Nxh7 Kxh7 17. e5 Ngf5 18. exf6 Qxf6 19. Ne4 Qg7 20. Rae1 Rae8
21. Bc3 Kg8 22. Ng5 {Planilla Ilegible} 1-0